Piloto de jornada única del docente en primero y segundo grado de Educación Básica (Record no. 8577)

MARC details
000 -LEADER
campo de control de longitud fija 00458nam a2200133Ia 4500
001 - NÚMERO DE CONTROL
campo de control 1980
008 - DATOS DE LONGITUD FIJA--INFORMACIÓN GENERAL
campo de control de longitud fija 241024s9999 xx 000 0 und d
082 ## - NÚMERO DE LA CLASIFICACIÓN DECIMAL DEWEY
Número de clasificación RD/372/R426p/2007/1
100 ## - ENTRADA PRINCIPAL--NOMBRE DE PERSONA
Nombre de persona República Dominicana/Secretaría de Estado de Educación
245 #0 - MENCIÓN DEL TÍTULO
Título Piloto de jornada única del docente en primero y segundo grado de Educación Básica
260 ## - PUBLICACIÓN, DISTRIBUCIÓN, ETC.
Nombre del editor, distribuidor, etc. Dirección General de Educación Básica
Fecha de publicación, distribución, etc. 2007
901 ## - ELEMENTOS DE DATOS A LOCAL LDA (RLIN)
a 6/10/2011 9:34:39 a.m.

No items available.

© 2024. Todos los Derechos Reservados. Desarrollado por IDEICE